000 00564nam a2200193Ia 4500
003 GCL
008 140319s9999 xx 000 0 ara d
040 _aGCL /
_cGCL
082 0 4 _a811.1
_bع د
100 1 _aعبيد بن الابرص
245 1 0 _aديوان عبيد بن الابرص /
_cعبيد بن الابرص
260 _a[S.N] :
_bدار بيروت للطباعة والنشر ،
_c1983
300 _a155 ص
490 _a
650 0 4 _aالشعر العربى
650 0 4 _aالعصر الجاهلى
650 0 4 _aتاريخ
942 _2ddc
_cBK
999 _c43297
_d43297